00468nam a22001577a 4500003000500000005001700005020001000022038001400032082001600046100003100062245006200093260003700155300001300192880005200205880005300257NUST20190628100326.0 c(Hbk) aM. Shaban a297.04bQAD aQadri, Saeed Ahmad Mohsini aKhatbaat e khursheed e milat /cSaeed Ahmad Mohsini Qadri aMultan :bJhoke printer, c2015. a144 p. ; 6100-01\raسعیداحمدمحسنی قادری 6245-02\raخطباتِ خورشیدِمِلت /